00457nam a2200157 a 450000100100000000500170001000800410002702000150006804000250008304100080010810000240011624500770014026000400021730000210025750000210027800004300120201002040549.0140217s2002 xxu 000 0 spa d a0310205719 aDO-SdBNPbspacBNPHU17aeng1 aWarren, Rickd1954-10aThe purpose driven llife :bwhat on earth am I here for? /cRick Warren. aGrand Rapds, Michigan :bZondervan. a334 p. ;c25 cm. aIncluye índice